000 00466nam a22001577a 4500
008 160516b xxu||||| |||| 00| 0 eng d
020 _a1-4018-5938-0
082 _22005
_aDC 621.3
_bSi5e
100 _98269
_aSimmons, J. Philip.
245 _aElectrical grounding and bonding/
_cJ. Philip Simmons.
260 _aAustralia:
_bThomson,
_cc2005.
300 _axx, 292 pages;
_c27 cm.
500 _aIncludes index.
650 0 _98271
_aElectrical system.
942 _2ddc
_cDC
999 _c2499
_d2499